00539nam a22001577a 450000500170000001000260001702000230004303500260006603700250009208200060011710000320012324501030015526000420025827000610030030000200036120181108151041.0 aB-213428 , B-213444 a8186939342c295.00 aB-213428, B-213444 bIndianink Roli books aN aDivakaruni, Chitra Banarjee aThe mirror of fire and dreamine:bthe brotherhood of the conch:book IIcChitra Banerjee divakaruni aNew DelhibIndianink Roli booksc2005 aM-75, G.K. II Market New Delhi 110048bNew Delhie110048 a226p.c22cm(pb)